000 00633nam a2200193 i 4500
001 25198
003 ES-MaACL
005 20230906153218.0
007 t|
008 021220s1922 fr ||||1| fre d
080 _a229.8
130 0 _aBiblia.
_pN.T.
_pApocalipsis.
_lFrancés.
_9163721
245 1 3 _aL' apocalypse /
_ctraduction du poeme avec une introduction par Paul-Louis Couchoud ; bois de A.-F. Cosyns.
260 _aParis :
_bBossard,
_c1922.
300 _a136 p. :
_bil. ;
_c23 cm.
700 1 _aCouchoud, Paul-Louis (
_d1879-1959)
_9163722
700 1 _aCosÿns, Antoine François.
_9163723
852 _aES-MaACL
_jG-13842
999 _c25198
_d25198